Israrul Uloom (Record no. 1479)

MARC details
000 -LEADER
fixed length control field 00623nam a2200241 a 4500
020 ## - INTERNATIONAL STANDARD BOOK NUMBER
ISBN
082 00 - DEWEY DECIMAL CLASSIFICATION NUMBER
Classification number 891.4391
Author Cutter SHM
100 ## - MAIN ENTRY--AUTHOR NAME
Author name Shamsul Islam, Katheli Naqshbandi
245 ## - TITLE STATEMENT
Title Israrul Uloom
260 ## - PUBLICATION, DISTRIBUTION, ETC. (IMPRINT)
Place of publication Lahore
Name of publisher Quraishi Book Agency
Year of publication 1934
300 ## - PHYSICAL DESCRIPTION
Number of Pages 328p
500 ## - GENERAL NOTE
General note includes index and biblioraphy
505 2# - FORMATTED CONTENTS NOTE
Formatted contents note Four Parts Boun Together
650 ## - SUBJECT ADDED ENTRY--TOPICAL TERM
Topical Term Urdu-Poetry-religious
942 ## - ADDED ENTRY ELEMENTS (KOHA)
Koha item type Books
700 1# -
-- Shamsul Islam, Katheli Naqshbandi
Holdings
Collection code Home library Current library Date acquired Cost, normal purchase price Full call number Accession Number Koha item type
  Henry Martyn Institute Library Henry Martyn Institute Library 06/25/2007 2.00 891.4391 SHM 04584 Books
                   Copyright © 2026 | Henry Martyn Institute | Hyderabad | TS-500052 | INDIA | Implemented by hmi.edu.in
Hit-Count:

Powered by Koha